Prague subway stations design quiz - line C - Statistics

General Stats
  • This quiz has been taken 28 times
  • The average score is 14 of 20
Answer Stats
Picture Answer % Correct
Hlavní nádraží
95%
Vyšehrad
95%
Střížkov
82%
I. P. Pavlova
77%
Kobylisy
77%
Letňany
77%
Ládví
73%
Pankrác
73%
Prosek
73%
Florenc
68%
Opatov
68%
Chodov
64%
Háje
64%
Kačerov
64%
Muzeum
64%
Nádraží Holešovice
64%
Vltavská
64%
Budějovická
59%
Roztyly
59%
Pražského Povstání
55%
No matching quizzes found
Score Distribution
Percent of People with Each Score
Percentile by Number Answered
Your Score History
You have not taken this quiz